| 000 | 01329cab a2200205 4500 | ||
|---|---|---|---|
| 001 | ##L133196 | ||
| 008 | 060420n2006 000 0 eng u | ||
| 035 | _a(Sirsi) u133196 | ||
| 041 | 0 | _aeng | |
| 100 | 1 | _aBlackler, Tony | |
| 245 | 0 | 0 | _aTime is on its side |
| 260 | _c2006 | ||
| 490 | 0 |
_aBuilding _v271(8426) 13 April 2006, 59(1) |
|
| 520 | _aArgues that the provisions as to terminal float in NEC3 encourage collaborative working and transparency, in that whilst a contractor is obliged to disclose the float in its programme, it is entitled to preserve it when changes are made to the completion date. Any delay caused to planned completion by a compensation event is added on to the completion date, even if this occurs through contractor default. Also considers ownership of the float, arguing that the Society of Construction Law's (SCL's) guidance that it should be owned by the project is unsatisfactory, and looks at whether a contractor can claim for loss and expense if it is prevented from achieving its own completion date. | ||
| 590 | _aIKA250406 | ||
| 650 | 2 | 4 | _aNEW ENGINEERING CONTRACT (THIRD EDITION) |
| 650 | 2 | 4 | _aGLENLION CONSTRUCTION LTD V THE GUINNESS TRUST |
| 690 | _aBUILT ENVIRONMENT-BUILDING CONTRACT FORMS-STANDARD FORMS OF BUILDING CONTRACT-NEW ENGINEERING CONTRACT CONTRACTS | ||
| 942 | _n0 | ||
| 999 |
_c76854 _d76854 |
||